000 00633nam a22002297a 4500
003 OSt
005 20150916001145.0
008 150916b xxu||||| |||| 00| 0 eng d
020 _a9780071112482
040 _cDNLM
082 _aWA900 K969b 2005
100 _aKuzma, Jan W.
_95739
245 _aBasic statistics for the health sciences
250 _a5th ed.
260 _aBoston;
_bMcgraw-hill,
_c2005
300 _axv,384p;
_bill:
_c24cm
504 _aAnswers, bibliography, & index included
650 _aStatistics
_91274
650 _aHealth sciences
_95740
700 _aBohnenblust, Stephen E.
_95741
942 _2z
_cO_SHELF
999 _c2264
_d2264